000 00404nam a22001217a 4500
999 _c6837
_d6837
008 200330b ||||| |||| 00| 0 eng d
100 _aTanzania Commission of AIDS
245 _aTanzania HIV,AIDS Indicator Survey 2003-2004
_hEnglish
260 _aDar Es Salaam
_bNational Bureau of Statistics
_c2004
300 _axiii,127p.
_bIllustration
_c28cm
650 _2HIV/AIDS Indicatoto Survey
942 _2ddc
_cBOOKS